01453cam a22003737a 4500003000500000005001700005008004100022010000900063011000900072035000900081040000900090090001000099100003600109245007200145260004000217300002000257500001000277502010900287590003700396590004100433590004100474590004100515590004200556650005100598650003200649650002800681901000700709942000900716949004100725949004600766999001500812952012500827952012700952CHAP20220329133115.0971013s1991 r 00010 d a2222 a3194 a2394 cCHAP aTesis00aRamírez Raya, Antonio.99421213aEl maíz (Zea mays): su problemática productiva en Jalisco, 1989 aChapingo, Méx. :bEl Autor,c1991 a133 h.b: ilus. aD45-5 aTesis (Ing. Agr. Esp. en Parasitología Agrícola) -- UACH. Departamento de Parasitología Agrícola aALEPHb10c20130110lUCH01h1212 aBATCH-UPDb10c20130110lUCH01h1507 aBATCH-UPDb10c20130410lUCH01h0925 aBATCH-UPDb10c20130914lUCH01h1746 aCONVERSIONb10c20130109lUCH01h130214aMaízxAspectos económicosxJalisco.97087114aMaízxRendimiento.97105114aMaízzJalisco.971096 aBK cFOLL bBCcTESd-11895eTS1h24102i2394si bBCcTESd-72531eTS2fc.2h24103i2394si c2222d2222 00102local4053708TESISaBCbBCcPA_TESISd2019-12-31fTESISl0p-72531r2019-12-31 00:00:00tc.2w2019-12-31yTESIS 00102local4051708TESISaBCbBCcPA_TESISd2019-12-31fTESISl0oTesisp-11895r2019-12-31 00:00:00w2019-12-31yTESIS